00603 2200217 4500001002100000005001500021035002000036245008900056100001900145250000600164300003500170700001600205260004400221082001200265084001800277020002200295650001700317990001700334990001700351990001700368INLIS00000000000046220181106103735 a0010-11180000051 aMempersiapkan Pemain Bulu tangkis Berprestasi /cSutrisno, S.Pd; Editor, Weny Rahayu0 aSutrisno, S.Pd a- aiv, 66 blm. :bilus. ;c25 cm.0 aWeny Rahayu aJakarta :bPT Musi Perkasa Utama,c2009 a796.345 a796.345 SUT m a978-602-8264-15-0 aBulu Tangkis a01600/H/2018 a01601/H/2018 a01772/H/2018